|
|
|
|
| LEADER |
00722cam a2200205 7i4500 |
| 001 |
0000014302 |
| 005 |
20040814090000.0 |
| 020 |
0 |
0 |
|a 0312239114
|
| 090 |
0 |
0 |
|a B 658.848
|b WIN
|
| 245 |
0 |
0 |
|a Winning in Asia, U.S. style :
|b market and non market strategies for success.
|
| 260 |
0 |
0 |
|a New York:
|b Palgrave MacMillan,
|c 2003.
|
| 300 |
# |
# |
|a 279 p.
|
| 650 |
0 |
0 |
|a Asia
|
| 650 |
0 |
0 |
|a Export marketing --
|x Management --
|z United States
|
| 650 |
0 |
0 |
|a Export marketing --
|x Management --
|z Asia
|
| 650 |
0 |
0 |
|a Automobile industry --
|z Asia
|
| 650 |
0 |
0 |
|a Strategic planning --
|z Asia
|
| 651 |
0 |
0 |
|a United States
|
| 999 |
|
|
|a B000015997
|b Book
|c Book
|e Business Information Centre
|
| 999 |
|
|
|a B000015697
|b Book
|c Book
|e Business Information Centre
|